书目信息 |
| 题名: |
河渠测量与土地平整测量
|
|
| 作者: | ;《河渠测量与土地平整测量》编写组 编 | |
| 分册: | ||
| 出版信息: | 上海 上海人民出版社 1975 |
|
| 页数: | 82页 | |
| 开本: | 19cm | |
| 丛书名: | 学工学农丛书 | |
| 单 册: | ||
| 中图分类: | S29 | |
| 科图分类: | ||
| 主题词: | 工程测量-农业工程 , 测量-农业工程-土地 , 农业工程-工程测量 , 农业工程-土地-测量 , 土地-农业工程-测量 | |
| 电子资源: | ||
| ISBN: | ||
| 000 | 00962nam2 2200289 45 | |
| 001 | 0175003003 | |
| 005 | 20060523160454.89 | |
| 010 | @dCNY0.17 | |
| 100 | @a19951025d1975 em y0chiy0121 ea | |
| 101 | 0 | @achi |
| 102 | @aCN@b310000 | |
| 105 | @ay z 000yy | |
| 200 | 10 | @a河渠测量与土地平整测量@Ahe qu ce liang yu tu de ping zheng ce liang@f《河渠测量与土地平整测量》编写组编@F《he qu ce liang yu tu di ping zheng ce liang》bian xie zu bian |
| 210 | @a上海@c上海人民出版社@d1975 | |
| 215 | @a82页@d19cm | |
| 225 | 2 | @a学工学农丛书 |
| 410 | 0 | @120010@a学工学农丛书 |
| 606 | @a工程测量-农业工程 | |
| 606 | @a测量-农业工程-土地 | |
| 606 | @a农业工程-工程测量 | |
| 606 | @a农业工程-土地-测量 | |
| 606 | @a土地-农业工程-测量 | |
| 690 | @aS29@v3 | |
| 711 | 0 | @a《河渠测量与土地平整测量》编写组@A《he qu ce liang yu tu di ping zheng ce liang》bian xie zu@4编 |
| 801 | 0 | @aCN@bTSSF@c20060523 |
| 801 | 2 | @aCN@bNLC@c20060412 |
| 905 | @a10447@dS29@e17 | |
| 河渠测量与土地平整测量/《河渠测量与土地平整测量》编写组编.-上海:上海人民出版社,1975 |
| 82页;19cm.-(学工学农丛书) |
| ISBN :CNY0.17 |
| ● |
| 相关链接 |
|
|
|
|
正题名:河渠测量与土地平整测量
索取号:S29/17
 
预约/预借
| 序号 | 登录号 | 条形码 | 馆藏地/架位号 | 状态 | 备注 |
| 1 | 0008522 | 202213657 | 密集书库/ [索取号:S29/17] | 在馆 | |
| 2 | 0008523 | 202200732 | 密集书库/ [索取号:S29/17] | 在馆 | |
| 3 | 0008524 | 202214148 | 密集书库/ [索取号:S29/17] | 在馆 | |
| 4 | 0008525 | 202370834 | 密集书库/ [索取号:S29/17] | 在馆 |